Orthodox Countries - Sudden Death - Statistics

General Stats
  • This quiz has been taken 402 times
  • The average score is 8 of 12
Answers on the Grid
Answers color-coded by a green-red scale on the quiz's grid according to % correct below.
Albania
Belarus
Bosnia and Herzegovina
Bulgaria
China
Croatia
Cyprus
Estonia
Finland
France
Georgia
Greece
Italy
Japan
Kazakhstan
Kyrgyzstan
Moldova
Montenegro
North Macedonia
Romania
Russia
Serbia
Ukraine
United States
 
Answer Stats
Answer % Correct
Belarus
82%
Bulgaria
74%
Russia
70%
Greece
69%
Ukraine
67%
Serbia
63%
Cyprus
59%
Moldova
59%
Romania
59%
Georgia
55%
North Macedonia
55%
Montenegro
52%
No matching quizzes found
Score Distribution
Percent of People with Each Score
Percentile by Number Answered
Your Score History
You have not taken this quiz